000 01135cam a22003497a 4500
003 CHAP
005 20220329142634.0
008 020724d2001 es ad r 00010 spa d
010 _a85970
011 _a86942
020 _a8471149672
035 _a97482
040 _cCHAP
082 0 4 _a635.9
_bR68 2001
100 0 0 _aRos Orta, Serafín.
_999824
245 1 3 _aLa empresa de jardinería y paisajismo:
_bmantenimiento y conservación de espacios verdes
_c/por Serafín Ros Orta
250 _a2 ed. rev. y amp.
260 _aMadrid :
_bMundi-Prensa,
_c2001
300 _a430 p. :
_bilus., gráf., cuadros, tablas
590 _aBATCH-UPD
_b10
_c20130110
_lUCH01
_h0511
590 _aBATCH-UPD
_b10
_c20130410
_lUCH01
_h0149
590 _aBATCH-UPD
_b10
_c20130914
_lUCH01
_h1702
590 _aCONVERSION
_b10
_c20130109
_lUCH01
_h1348
650 1 4 _aJardinería.
_961143
650 1 4 _aJardines.
_961147
650 1 4 _aPaisaje.
_984761
650 1 4 _aParques.
_985691
901 _aBK
905 _aMarco A. Mendoza T.
942 _cLIBRO
949 _a635.9 R68 2001
_bBC
_cLIBRO
_d33724000851036
_eLIBRO
_gI.215563
_h102688
_i97482
_si
_t$589.00
999 _c85970
_d85970